| 000 | 00783nam a2200229Ia 4500 | ||
|---|---|---|---|
| 001 | 19101 | ||
| 003 | GE_BSU | ||
| 008 | 181216s||||||||xx |||||||||||||| ||und|| | ||
| 040 | _cGE_BSU | ||
| 245 | _aРеферативный журнал. Экономика промышленности. №1. 2016 | ||
| 245 | _b20.Экономика промышленности. | ||
| 245 | _cГл. ред. Ран П.А Минакир, и др. | ||
| 250 | _aВыходит 12раз в год. | ||
| 260 | _aМосква | ||
| 260 | _bвинити | ||
| 260 | _c2016 | ||
| 300 | _a20стр,29см | ||
| 653 | _aПериодика | ||
| 653 | _aРеферативный журнал.Экономика промышленности. | ||
| 653 | _aპერიოდიკა | ||
| 942 | _cCR | ||
| 999 |
_c52094 _d52094 |
||